All that dwell therein : animal rights and environmental ethics /

Bibliographic Details
Main Author: Regan, Tom
Format: Book
Language:English
Published: Berkeley : University of California Press, [1982]
Subjects:

MARC

Tag First Indicator Second Indicator Subfields
LEADER 00000cam a2200000 a 4500
001 in00000096485
005 20150923174103.0
008 810916s1982 cau b s00110 eng
010 |a  81016469  
020 |a 0520045718 
035 |a (OCoLC)07837322 
035 |9 AAK8612AM 
039 0 |a 2  |b 3  |c 3  |d 3  |e 3 
040 |a DLC  |c DLC  |d CUX  |d TXA  |d UtOrBLW 
049 |a TXAM  |c [952242] 
050 0 0 |a HV4711  |b  R36 1982 
082 0 |a 179/.3  |2 19 
100 1 |a Regan, Tom. 
245 1 0 |a All that dwell therein :  |b animal rights and environmental ethics /  |c Tom Regan. 
264 1 |a Berkeley :  |b University of California Press,  |c [1982] 
264 4 |c ©1982 
300 |a x, 249 pages ;  |c 23 cm. 
336 |a text  |b txt  |2 rdacontent 
337 |a unmediated  |b n  |2 rdamedia 
338 |a volume  |b nc  |2 rdacarrier 
500 |a "Papers and lectures written and delivered over the past six years or so on the general topic of human obligations to nonhumans"--Pref. 
500 |a Includes index. 
504 |a Bibliography: pages 241-246. 
505 0 |a The moral basis of vegetarianism -- Utilitarianism, vegetarianism, and animal rights -- Animal experimentation -- Animal rights, human wrongs -- Why whaling is wrong -- An examination and defense of one argument concerning animal rights -- Animals and the law -- What sorts of beings can have rights? - - The nature and possibility of an environmental ethic -- Environmental ethics and the ambiguity of the Native Americans' relationship with nature. 
650 0 |a Animal welfare  |x Law and legislation. 
650 2 |a Animals  |x essays. 
650 2 |a Bioethics  |x essays. 
650 2 |a Legislation, Veterinary  |x essays. 
999 |a MARS 
999 f f |s 3adb3ca9-884d-3ee9-b991-56fd69b017d6  |i a67c532f-97cc-339b-a26e-e72baac1b18b  |t 0 
952 f f |p ric  |a Texas A&M University  |b Rellis Campus  |c Joint Library Facility  |d Remote Storage  |t 0  |e HV4711 R36 1982  |h Library of Congress classification  |i unmediated -- volume  |m A14806037468 
998 f f |a HV4711 R36 1982  |t 0  |l Remote Storage